Altri luoghi /

Պահպանված է:
Մատենագիտական մանրամասներ
Այլ հեղինակներ: Lunetta, Mario, Berisso, Marco
Ձևաչափ: Գիրք
Լեզու:իտալերեն
Հրապարակվել է: Chiavari : Litosivori, 1991
Ցուցիչներ: Ավելացրեք ցուցիչ
Չկան պիտակներ, Եղեք առաջինը, ով նշում է այս գրառումը!

MARC

LEADER 00000nam a22000007i 4500
001 IT\ICCU\RAV\0227279
003 ItRI
005 20260115232429.0
008 931110s1991 it |||||| ||||| |||||c
040 |b ita  |c importazione bologna sebina 
041 7 |a ita  |2 ISO-639-2 
082 |a 851.008  |9 POESIA ITALIANA. Raccolte  |2 20 
245 0 0 |a Altri luoghi /  |c Marco Berisso ... [et. al.] ; presentazione di Mario Lunetta. 
260 |a Chiavari :  |b Litosivori,  |c 1991 
300 |a 188 p. ;  |c 21 cm 
500 |a Supplemento a Altri luoghi n. 6, ottobre-dicembre 1990. 
700 1 |a Lunetta, Mario  |0 IT\ICCU\CFIV\011489 
700 1 |a Berisso, Marco  |0 IT\ICCU\RAVV\057450 
942 |2 ddc  |c BK  |n 0 
952 |0 0  |1 0  |4 0  |6 DOC_851_914000000000000_BER  |7 0  |9 25643  |a BO  |b BO  |d 2026-01-15  |i 5864  |l 0  |o DOC 851.914 BER  |p BO5864  |r 2026-01-15 23:24:29  |w 2026-01-15  |x [Sebina 5] [1 v.]  |y BK  |z 1 v. 
999 |c 21760  |d 21760